Four poets from Bangladesh / (Record no. 21845)
[ view plain ]
| 000 -LEADER | |
|---|---|
| fixed length control field | 00775nam a2200253 a 4500 |
| 001 - CONTROL NUMBER | |
| control field | 21845 |
| 003 - CONTROL NUMBER IDENTIFIER | |
| rucl marc code | BD-RjUL |
| 005 - DATE AND TIME OF LATEST TRANSACTION | |
| control field | 20260208102430.0 |
| 008 - FIXED-LENGTH DATA ELEMENTS--GENERAL INFORMATION | |
| fixed length control field | 140305s1984 bg f000 0 eng d |
| 035 ## - SYSTEM CONTROL NUMBER | |
| System control number | (BD-RjUL)21845 |
| 040 ## - CATALOGING SOURCE | |
| Original cataloging agency | DLC |
| Transcribing agency | DLC |
| Modifying agency | DLC |
| -- | BD-RjUL |
| Language of cataloging | eng |
| 041 1# - LANGUAGE CODE | |
| Language code of text/sound track or separate title | engben |
| 082 04 - DEWEY DECIMAL CLASSIFICATION NUMBER | |
| Classification number | 891.441 |
| Author mark and year | FOU 1984 |
| 245 10 - TITLE STATEMENT | |
| Title | Four poets from Bangladesh / |
| Statement of responsibility, etc. | translated into English and edited by Abu Rushd. |
| 250 ## - EDITION STATEMENT | |
| Edition statement | 1st ed. |
| 260 ## - PUBLICATION, DISTRIBUTION, ETC. (IMPRINT) | |
| Place of publication, distribution, etc. | Dhaka : |
| Name of publisher, distributor, etc. | Bangla Academy, |
| Date of publication, distribution, etc. | 1984. |
| 300 ## - PHYSICAL DESCRIPTION | |
| Pagination | 60 p. ; |
| Size | 22 cm. |
| 500 ## - GENERAL NOTE | |
| General note | Poems. |
| General note | Cover title: 4 poets from Bangladesh. |
| 520 ## - SUMMARY, ETC. | |
| Summary, etc. | Selected poems of four Bangladeshi poets. |
| 650 #0 - SUBJECT ADDED ENTRY--TOPICAL TERM | |
| Topical term or geographic name as entry element | Bengali poetry -- Translations into English. |
| 9 (RLIN) | 67445 |
| 700 1# - ADDED ENTRY--PERSONAL NAME | |
| Personal name | Rushd. Abu |
| 942 ## - ADDED ENTRY ELEMENTS (KOHA) | |
| Source of classification or shelving scheme | Dewey Decimal Classification |
| Koha item type | Books |
| Lost status | Source of classification or shelving scheme | Damaged status | Not for loan | Collection code | Permanent Location | Current Location | Shelving location | Date acquired | Source of acquisition | Total Checkouts | Full call number | Date last seen | Copy number | Koha item type | Cost, normal purchase price |
|---|---|---|---|---|---|---|---|---|---|---|---|---|---|---|---|
| Dewey Decimal Classification | Non-fiction | Central Library, University of Rajshahi | Central Library, University of Rajshahi | 25/10/1990 | Shaukat Osman Gift | 891.441 FOU 1984 | 05/03/2014 | C-3 | Books | ||||||
| Dewey Decimal Classification | Not For Loan | Non-fiction | Central Library, University of Rajshahi | Central Library, University of Rajshahi | Reading Room | 26/06/1990 | Bangla Academy, Dhaka | 891.441 FOU 1984 | 04/02/2017 | C-1 | Books | 25.00 | |||
| Dewey Decimal Classification | Non-fiction | Central Library, University of Rajshahi | Central Library, University of Rajshahi | General Stacks | 15/01/1985 | Dhaka : Bangla Academy | 891.441 FOU 1984 | 08/02/2026 | C-2 | Books | 25.00 |